00726nam a22002537a 450000500170000000800410001701000150005802000270007303500130010003700150011304000180012808200150014610000150016111000030017624500910017926000470027027000650031730000270038250000510040965000030046065000030046365000030046670000030046920110524144050.0110524t xxu||||| |||| 00| 0 eng d aENG-102509 a9788184502657c1350.00 aEN-86042 bDBAD / PUB adplbEnglish  a658.300285 aSeetha Ram  aInformation technology in developing human resources /cby Ch. Seetha Ram  aNew Delhi bDeep & Deep Publicationsc2011 aF-159, Rajouri GardenbNew Delhi e110027k25435369,25440916 axv, 319 p. c24cm (Hb) aIncludes bibliographical references and index